| 000 | 00537nam a2200217Ia 4500 | ||
|---|---|---|---|
| 008 | 210210b2007 xxu||||| |||| 00| 0 eng d | ||
| 020 | _a9788190342766 | ||
| 041 | _aeng | ||
| 082 | _a657.33 GLOA | ||
| 100 | _aGLOBAL DATA SERVICES OF INDIA LIMITED | ||
| 245 |
_aAccounting and analysis _bIndian experience |
||
| 260 |
_aPune _bNot Mentioned _c2007 |
||
| 300 | _av,310 | ||
| 650 | _aIndian | ||
| 650 | _aexperience | ||
| 650 | _aand | ||
| 650 | _aanalysis | ||
| 650 | _aAccounting | ||
| 690 | _aAccountancy | ||
| 906 | _a062314 | ||
| 999 |
_c117427 _d117427 |
||